Little book of Miu Miu (Record no. 5101)

MARC details
000 -CABECERA
campo de control de longitud fija 01544nam a22002537a 4500
008 - DATOS DE LONGITUD FIJA--INFORMACIÓN GENERAL
campo de control de longitud fija 251024b |||||||| |||| 00| 0 eng d
020 ## - NÚMERO INTERNACIONAL ESTÁNDAR DEL LIBRO
Número Internacional Estándar del Libro 9781035420612
040 ## - FUENTE DE LA CATALOGACIÓN
Centro/agencia transcriptor tbs
041 ## - CÓDIGO DE LENGUA
Código de lengua del texto/banda sonora o título independiente eng
050 ## - SIGNATURA TOPOGRÁFICA DE LA BIBLIOTECA DEL CONGRESO
Número de clasificación TT505.M58
Número de documento/Ítem B38 2025
100 ## - ENTRADA PRINCIPAL--NOMBRE DE PERSONA
Nombre de persona Bateman, Kristen
9 (RLIN) 24115
Término indicativo de función/relación author
245 ## - MENCIÓN DE TÍTULO
Título Little book of Miu Miu
Resto del título : the story of the iconic fashion house
Mención de responsabilidad, etc. / Kristen Bateman.
246 ## - FORMA VARIANTE DE TÍTULO
Título propio/Titulo breve Miu Miu
260 ## - PUBLICACIÓN, DISTRIBUCIÓN, ETC.
Lugar de publicación, distribución, etc. London :
Nombre del editor, distribuidor, etc. Welbeck,
Fecha de publicación, distribución, etc. 2025.
300 ## - DESCRIPCIÓN FÍSICA
Extensión 160 pages :
Otras características físicas illustrations, portraits (color) ;
Dimensiones 19 cm.
490 ## - MENCIÓN DE SERIE
Mención de serie Little books of fashion
520 ## - SUMARIO, ETC.
Sumario, etc. <br/><br/>Quirky, daring and unconventionally chic, Miu Miu is the fashion house for those that dare to be different.<br/><br/>The cult little sister brand of Prada, the maison was launched as an 'anti-fashion' brand in 1993 and its pieces have been worn by celebrities including Sydney Sweeney and Chloë Sevigny. From recent viral micro-miniskirts and covetable ballet flats to archive whimsical prints, artist collaborations and off-kilter colors, Miu Miu is the brand designed with a rare female point of view for daring women.<br/><br/>With over 100 images of their most iconic pieces, accompanied by expert text, Little Book of Miu Miu explores the history of the iconic fashion house whose current and archival designs are coveted by the It girls of today.
610 #0 - PUNTO DE ACCESO ADICIONAL DE MATERIA--NOMBRE DE ENTIDAD CORPORATIVA
Nombre de entidad corporativa o nombre de jurisdicción como elemento de entrada Miu Miu (Brand)
Subdivisión general History
9 (RLIN) 26314
610 #0 - PUNTO DE ACCESO ADICIONAL DE MATERIA--NOMBRE DE ENTIDAD CORPORATIVA
Nombre de entidad corporativa o nombre de jurisdicción como elemento de entrada Prada (Firm)
9 (RLIN) 26315
650 #0 - PUNTO DE ACCESO ADICIONAL DE MATERIA--TÉRMINO DE MATERIA
Término de materia o nombre geográfico como elemento de entrada Prada, Miuccia
Subdivisión general History
9 (RLIN) 26312
650 #0 - PUNTO DE ACCESO ADICIONAL DE MATERIA--TÉRMINO DE MATERIA
Término de materia o nombre geográfico como elemento de entrada Prada, Miuccia
Subdivisión general Themes, motives
9 (RLIN) 26313
655 #0 - TÉRMINO DE INDIZACIÓN--GÉNERO/FORMA
Datos o término principal de género/forma Biographies
9 (RLIN) 22503
942 ## - ELEMENTOS DE ENTRADA AGREGADA (KOHA)
Fuente del sistema de clasificación o colocación Clasificación de Library of Congress
Holdings
Estado de retiro Estado de pérdida Fuente del sistema de clasificación o colocación Estado dañado No para préstamo Biblioteca de origen Biblioteca actual Fecha de adquisición Total de préstamos Signatura topográfica completa Código de barras Fecha visto por última vez Precio válido a partir de Tipo de ítem Koha
    Clasificación de Library of Congress     TBS Barcelona TBS Barcelona 24/10/2025   TT505 BAT B05695 24/10/2025 24/10/2025 Book

Powered by Koha